000 005570000a22001690004500
041 0 _aENG
082 0 4 _aG 269.2 W8321c
100 1 _aWittig, Mark E.
245 1 0 _aA cultural approach to evangelism in Latin America : An analysis and proposal for the work of evangelism in Medellín, Colombia / Mark E. Wittig
260 _aDeerfield, ILL., USA : Trinity Evangelical Divinity School
300 _a196 Pag
001 8147
942 _cBK
999 _c38340
_d38340
336 _atexto
_btxt
_2rdacontent
337 _2rdamedia
_asin mediación
_bn
338 _2rdacarrier
_avolumen
_bnc